000 00354 a2200145 4500
001 166922
020 _a
040 _cMagnum
100 _aMclaren, Peter
240 1 0 _aPaulo freire: poder, desejo e memorias da libertacao
_lpor
245 1 0 _aPaulo freire: poder, desejo e memorias da libertacao
362 0 _a1899
697 _aENSINO
942 _cBK
999 _c166922
_d166922